| 000 | 00555nam a2200193Ia 4500 | ||
|---|---|---|---|
| 003 | OSt | ||
| 005 | 20250205142120.0 | ||
| 008 | 210210b1954 xxu||||| |||| 00| 0 eng d | ||
| 040 | _cAL | ||
| 041 | _akan | ||
| 082 | _a853/401 | ||
| 100 |
_aLAKSHMINARASIMHA MURTI _9161826 _dಲಕ್ಷ್ಮಿನರಸಿಂಹ ಮೂರ್ತಿ |
||
| 245 |
_aDuraseya ganda: _bದುರಾಸೆಯ ಗಂಡ |
||
| 260 |
_aBengaluru _bCentral college _c1954 |
||
| 690 |
_aKannada Drama _9161827 |
||
| 700 |
_aothers _9161828 |
||
| 906 | _a019676 | ||
| 942 |
_2ddc _cBK |
||
| 999 |
_c143817 _d143817 |
||